00863nam a2200241Ia 4500001000600000003000900006008004100015040001300056040001300069041001300082100001900095100002900114245002900143245005900172250001100231260001100242260001800253260004900271300005900320500019600379650001500575650003100590G7583IT-RoPAU130308s9999 xx 000 0 und d aIT-RoPAU cIT-RoPAU aITALIANO aCalabrese Omar gCodice Aut. SPICS: 8617 aMemoria geroglifica (La) bEloquio del Senso. Dialoghi Semiotici per Paolo Fabbri a1a ed. aGENOVA bCosta & Nolan c1999 [1° Ed.:1999 - Ed.Ling.Originale:1999] a"13 p. (prefazione: no ; testo: 13 [pagine: 324-336])" a"Riflessioni semiotiche Sul Frontespizio dei ""Principi di Scienza Nuova"" Digiambattista Vico. Dipintura e Idea. Prima Lettura e le Altre. meccanismo della Significazione. Memoria Creativa." aSEMIOLOGIA eCodice materia Spics: 3251